<?xml version="1.0" encoding="UTF-8"?>
<marc:record xmlns:marc="http://www.loc.gov/MARC21/slim">
   <marc:leader>00000nam a2200000 a 4500</marc:leader>
   <marc:datafield ind1="1" ind2=" " tag="100">
      <marc:subfield code="a">Wolz, Heiko</marc:subfield>
      <marc:subfield code="4">aut</marc:subfield>
      <marc:subfield code="e">Verfasser/-in</marc:subfield>
   </marc:datafield>
   <marc:datafield ind1="1" ind2=" " tag="100">
      <marc:subfield code="a">Sedlaczek, André</marc:subfield>
   </marc:datafield>
   <marc:datafield ind1=" " ind2=" " tag="653">
      <marc:subfield code="a">Minecraft erste Leseabenteuer</marc:subfield>
   </marc:datafield>
   <marc:datafield ind1=" " ind2=" " tag="653">
      <marc:subfield code="a">Bilderbuch Mincraft</marc:subfield>
   </marc:datafield>
   <marc:datafield ind1=" " ind2=" " tag="653">
      <marc:subfield code="a">Erstleser Minecraft</marc:subfield>
   </marc:datafield>
   <marc:datafield ind1=" " ind2=" " tag="653">
      <marc:subfield code="a">Erstlesebuch 2. Klasse</marc:subfield>
   </marc:datafield>
   <marc:datafield ind1=" " ind2=" " tag="653">
      <marc:subfield code="a">Erstlesebuch 1. Klasse</marc:subfield>
   </marc:datafield>
   <marc:datafield ind1=" " ind2=" " tag="653">
      <marc:subfield code="a">Erstlesebuch ab 7</marc:subfield>
   </marc:datafield>
   <marc:datafield ind1=" " ind2=" " tag="653">
      <marc:subfield code="a">Erstlesebuch ab 6</marc:subfield>
   </marc:datafield>
   <marc:datafield ind1=" " ind2=" " tag="653">
      <marc:subfield code="a">Geschenk Schulanfang</marc:subfield>
   </marc:datafield>
   <marc:datafield ind1=" " ind2=" " tag="653">
      <marc:subfield code="a">Lesen Anfänger Minecraft</marc:subfield>
   </marc:datafield>
   <marc:datafield ind1=" " ind2=" " tag="653">
      <marc:subfield code="a">Buch Minecraft</marc:subfield>
   </marc:datafield>
   <marc:datafield ind1=" " ind2=" " tag="653">
      <marc:subfield code="a">Minecraft für Kinder</marc:subfield>
   </marc:datafield>
   <marc:datafield ind1=" " ind2=" " tag="653">
      <marc:subfield code="a">Erstlesebuch Jungen</marc:subfield>
   </marc:datafield>
   <marc:datafield ind1=" " ind2=" " tag="653">
      <marc:subfield code="a">Erstlesebuch Minecraft</marc:subfield>
   </marc:datafield>
   <marc:datafield ind1=" " ind2=" " tag="653">
      <marc:subfield code="a">Erstlesealter, Vorschulalter</marc:subfield>
   </marc:datafield>
   <marc:datafield ind1="0" ind2="0" tag="245">
      <marc:subfield code="a">Geister - bis das Schwein pfeift!</marc:subfield>
   </marc:datafield>
   <marc:datafield ind1="0" ind2="0" tag="245">
      <marc:subfield code="b">Erstleser-Abenteuer für Fans von Minecraft</marc:subfield>
   </marc:datafield>
   <marc:datafield ind1="0" ind2="0" tag="245">
      <marc:subfield code="c">Wolz, Heiko</marc:subfield>
   </marc:datafield>
   <marc:datafield ind1=" " ind2="1" tag="264">
      <marc:subfield code="a">Hamburg</marc:subfield>
      <marc:subfield code="b">Carlsen</marc:subfield>
      <marc:subfield code="c">2022</marc:subfield>
   </marc:datafield>
   <marc:datafield ind1="1" ind2=" " tag="490">
      <marc:subfield code="a">Lesenlernen mit Spaß - Minecraft</marc:subfield>
      <marc:subfield code="v">Band 6</marc:subfield>
   </marc:datafield>
   <marc:datafield ind1=" " ind2=" " tag="250">
      <marc:subfield code="a">1. Auflage</marc:subfield>
   </marc:datafield>
   <marc:datafield ind1="1" ind2=" " tag="520">
      <marc:subfield code="a">Angaben aus der Verlagsmeldung &#xD;
&#xD;
 &#xD;
&#xD;
  Lesenlernen mit Spaß  Minecraft 6: Geister  bis das Schwein pfeift! : Erstleser-Abenteuer für Fans von Minecraft / von Heiko Wolz &#xD;
&#xD;
 &#xD;
&#xD;
  &#xD;
Ein ewig brennendes Feuer aus Netherstein, um das Dorf vor bösen Kreaturen zu schützen? Eine geniale Idee, findet Stefan. Mit Anna und Brokkoli begibt er sich in den Nether. Doch kaum dort angekommen, fällt Stefans Totem der Unsterblichkeit, das ihn und seine Freunde schützen soll, einem Hoglin ins Maul. Aber nicht nur die schweineähnliche Kreatur verfolgt Stefan nach dem schmackhaften Mahl auf Schritt und Tritt. Auch die Geister der Unterwelt haben es auf ihn, Anna und Brokkoli abgesehen ... &#xD;
&#xD;
 &#xD;
&#xD;
 Ideal für den Lesestart:&#xD;
 &#xD;
- kurze Kapitel&#xD;
- kurze Sätze&#xD;
- kurze Zeilen&#xD;
- viele lustige Illustrationen, die den Spaß an Büchern wecken&#xD;
&#xD;
 &#xD;
Besonderes Extra: Mit toller Lese-Urkunde und Mini-Wörterbuch!&#xD;
&#xD;
 &#xD;
&#xD;
 Alle Bände der Serie:&#xD;
  &#xD;
&#xD;
  &#xD;
&#xD;
 Band 1: Zombies  bis der Arzt kommt! &#xD;
&#xD;
 Band 2: Monster  bis zum Umfallen! &#xD;
&#xD;
 Band 3: Drachenrache  bis zum Ende! &#xD;
&#xD;
 Band 4: Ungeheuer  bis zum Untergang! &#xD;
&#xD;
 Band 5: Bösewichte  bis zum Abwinken!  &#xD;
&#xD;
 Band 6: Geister  bis das Schwein pfeift! &#xD;
&#xD;
  &#xD;
&#xD;
 &#xD;
Ein spannendes Erstleseabenteuer für alle, die Minecraft toll finden!&#xD;
Kein offizielles Minecraft-Produkt. Nicht von Mojang genehmigt oder mit Mojang verbunden.</marc:subfield>
   </marc:datafield>
   <marc:datafield ind1=" " ind2=" " tag="020">
      <marc:subfield code="a">9783551068491</marc:subfield>
      <marc:subfield code="9">9783551068491</marc:subfield>
   </marc:datafield>
   <marc:datafield ind1=" " ind2=" " tag="020">
      <marc:subfield code="a">3551068496</marc:subfield>
      <marc:subfield code="9">3551068496</marc:subfield>
   </marc:datafield>
   <marc:datafield ind1=" " ind2=" " tag="041">
      <marc:subfield code="a">ger</marc:subfield>
   </marc:datafield>
   <marc:datafield ind1=" " ind2=" " tag="300">
      <marc:subfield code="b">Farbig illustriert</marc:subfield>
   </marc:datafield>
   <marc:datafield ind1="0" ind2=" " tag="490">
      <marc:subfield code="v">Band 6</marc:subfield>
   </marc:datafield>
   <marc:datafield ind1=" " ind2=" " tag="338">
      <marc:subfield code="a">Band</marc:subfield>
   </marc:datafield>
   <marc:datafield ind1=" " ind2=" " tag="300">
      <marc:subfield code="a">80 Seiten</marc:subfield>
   </marc:datafield>
</marc:record>
